000 00652nam a2200217 a 4500
001 69496
003 BD-RjUL
005 20211209081909.0
008 170412s1930 enka 000 0 eng
035 _a(BD-RjUL)69708
040 _aDLC
_cGU
_dBD-RjUL
_beng
041 _aeng
082 _223
_a541.33
_bRII 1930
100 1 _aRideal, Eric K.
_q(Eric Keightley),
_d1890-
_9205849
245 1 3 _aAn introduction to surface chemistry /
_cby Eric Keightley Rideal ...
260 _aCambridge :
_bThe University Press,
_cc1930
300 _a459 p. :
_bill. ;
_c23 cm.
650 0 _aColloids.
_9159410
650 0 _aCapillarity.
_9203142
942 _2ddc
_cBK
999 _c69496
_d69496